The black girl in search of God and some lesser tales / (Record no. 20961)
[ view plain ]
| 000 -LEADER | |
|---|---|
| fixed length control field | 00787nam a2200229 a 4500 |
| 001 - CONTROL NUMBER | |
| control field | 20961 |
| 003 - CONTROL NUMBER IDENTIFIER | |
| rucl marc code | BD-RjUL |
| 005 - DATE AND TIME OF LATEST TRANSACTION | |
| control field | 20240131152507.0 |
| 008 - FIXED-LENGTH DATA ELEMENTS--GENERAL INFORMATION | |
| fixed length control field | 140302r19661934enk 000 1 eng d |
| 035 ## - SYSTEM CONTROL NUMBER | |
| System control number | (BD-RjUL)20961 |
| 040 ## - CATALOGING SOURCE | |
| Original cataloging agency | BDS |
| Language of cataloging | eng |
| Transcribing agency | BD-RjUL |
| Modifying agency | BD-RjUL |
| 041 ## - LANGUAGE CODE | |
| Language code of text/sound track or separate title | eng |
| 082 0# - DEWEY DECIMAL CLASSIFICATION NUMBER | |
| Classification number | 823.912 |
| Edition number | 21 |
| Author mark and year | SHB 1954 |
| 100 1# - MAIN ENTRY--PERSONAL NAME | |
| Personal name | Shaw, Bernard, |
| Dates associated with a name | 1856-1950. |
| 9 (RLIN) | 64758 |
| 245 14 - TITLE STATEMENT | |
| Title | The black girl in search of God and some lesser tales / |
| Statement of responsibility, etc. | Bernard Shaw wood engravings by John Farleigh |
| 260 ## - PUBLICATION, DISTRIBUTION, ETC. (IMPRINT) | |
| Place of publication, distribution, etc. | London : |
| Name of publisher, distributor, etc. | Constable and Company, |
| Date of publication, distribution, etc. | 1934 [Reprinted 1954,1966]. |
| 300 ## - PHYSICAL DESCRIPTION | |
| Pagination | vii, 304 p. : |
| Illustrations | ill. ; |
| Size | 20 cm. |
| 500 ## - GENERAL NOTE | |
| General note | Originally published: London : Constable, 1934. |
| 650 ## - SUBJECT ADDED ENTRY--TOPICAL TERM | |
| Topical term or geographic name as entry element | American drama |
| 9 (RLIN) | 64759 |
| 830 #0 - SERIES ADDED ENTRY--UNIFORM TITLE | |
| Uniform title | Penguin twentieth-century classics |
| 942 ## - ADDED ENTRY ELEMENTS (KOHA) | |
| Source of classification or shelving scheme | Dewey Decimal Classification |
| Koha item type | Books |
| Lost status | Source of classification or shelving scheme | Damaged status | Not for loan | Collection code | Permanent Location | Current Location | Shelving location | Date acquired | Source of acquisition | Cost, normal purchase price | Total Checkouts | Full call number | Date last seen | Date checked out | Copy number | Koha item type |
|---|---|---|---|---|---|---|---|---|---|---|---|---|---|---|---|---|
| Dewey Decimal Classification | Fiction | Central Library, University of Rajshahi | Central Library, University of Rajshahi | 15/05/1967 | Unversity Book Agency | 11.25 | 1 | 823.912 SHB 1954 | 29/06/2022 | 01/06/2022 | C-2 | Books | ||||
| Dewey Decimal Classification | Not For Loan | Fiction | Central Library, University of Rajshahi | Central Library, University of Rajshahi | Reading Room | 08/06/1956 | B.H. Blackwell ltd. | 12.60 | 823.912 SHB 1954 | 31/01/2024 | C-1 | Books |